MARC

LEADER 00000nam0a2200000 4500
001 281197
005 20231101235359.0
020 |a RU  |b 86-62542 
035 |a (RuTPU)RU\TPU\book\304857 
090 |a 281197 
100 |a 20150120d1986 km y0rusy5003 ca 
101 0 |a rus 
102 |a UA 
105 |a a z 001zy 
200 1 |a Грязевые вулканы Керченско-Таманской области  |e атлас  |f Е. Ф. Шнюков [и др.]  |g Академия наук Украинской ССР (АН УССР), Институт геологических наук (ИГН) ; под ред. Е. Ф. Шнюкова 
210 |a Киев  |c Наукова думка  |d 1986 
215 |a 151 с.  |c ил.  |d 21x27 см 
320 |a Библиогр.: с. 146-149 (152 назв.) 
606 1 |a Грязевые вулканы  |2 stltpush  |3 (RuTPU)RU\TPU\subj\8886  |9 36210 
610 1 |a грязевулканическая деятельность 
610 1 |a вдавленные синклинали 
610 1 |a образование 
610 1 |a Керченско-Таманская область 
610 1 |a грязевой вулканизм 
610 1 |a полезные ископаемые 
610 1 |a минералы 
610 1 |a заповедники 
610 1 |a природа 
610 1 |a охрана 
610 1 |a атласы 
675 |a 551.311.8  |z rus  |v 4 
701 1 |a Шнюков  |b Е. Ф.  |g Евгений Федорович 
701 1 |a Соболевский  |b Ю. В.  |g Юрий Вячеславович 
701 1 |a Гнатенко  |b Г. И.  |g Геннадий Иванович 
701 1 |a Науменко  |b П. И.  |g Павел Иванович 
701 1 |a Кутний  |b В. А.  |g Владимир Андреевич 
702 1 |a Шнюков  |b Е. Ф.  |g Евгений Федорович  |4 340 
712 0 2 |a Академия наук Украинской ССР (АН УССР)  |b Институт геологических наук (ИГН)  |c (Киев)  |2 stltpush  |3 (RuTPU)RU\TPU\col\12890 
801 0 |a RU  |b RuMRKP  |c 19950704  |g psbo 
801 1 |a RU  |b 63413507  |c 20150120 
801 2 |a RU  |b 63413507  |c 20170314  |g RCR 
942 |c BK